000 01721nam a2200277 a 4500
001 000126967
003 AM-YEHGA
005 20250617122652.0
008 990421s1984 ru ||||gr|||||||||0|rus|d
040 _aAM-YeHGA
041 0 _arus
245 0 0 _aМоря советской Арктики /
_cПод ред. И.С. Грамберга и Ю.Е. Погребицкого ; Под общ. ред. Е.А. Козловского.
260 _aЛенинград :
_bНедра. Ленингр. отд-ние,
_c1984.
300 _aтом
505 _gТ. 9 (1984, 280 с.)
550 _aМ-во геологии СССР, Северное произв. объед. по морским геологоразв. работам "Севморгеология". Всесоюзный научно-исследовательский ин-т геологии и минеральных ресурсов мирового океана
650 1 4 _aГеология СССР
650 1 4 _aМоря - Геология
700 1 _aГрамберг, И.С.
_eред.
_4edt
700 1 _aПогребицкий, Ю.Е.
_eред.
_4edt
700 1 _aКозловский, Евгений Александрович.
_eред.
_4edt
710 2 _aВсесоюзный научно-исследовательский институт геологии и минеральных ресурсов мирового океана
773 0 8 _tГеологическое строение СССР и закономерности размещения полезных ископаемых : В 10-ти т.
_dЛенинград : Недра. Ленингр. отд-ние
_w(AM, AiYeEPHG)000077501
942 _2udc
_cBK
090 _c42945
999 _c42263
_d42263